Państwa z największą liczbą osób mówiących po arabsku - Statystyki

Ogólne statystyki
  • Ten quiz został rozwiązany 4 165 razy
    3 878 od ostatniego zresetowania
  • Średni wynik to 8 z 10
Statystyki odpowiedzi
Liczba
osób
% Państwo % Poprawnych
22 mln 73 Arabia Saudyjska
98%
94 mln 93 Egipt
92%
30 mln 75 Irak
90%
31 mln 72 Algieria
83%
28 mln 94 Jemen
83%
26 mln 72 Maroko
83%
17 mln 92 Syria
79%
30 mln 70 Sudan
73%
11 mln 98 Tunezja
72%
9,9 mln 98 Jordania
67%
Nie znaleziono quizów pasujących do podanych kryteriów
Rozkład punktacji
Procent ludzi z każdym wynikiem
Percentyl według liczby udzielonych odpowiedzi
Twoja historia wyników
Nie rozwiązałeś tego quizu od ostatniego zresetowania